Mots tronqués - Statistiques

Statistiques générales
  • Ce quiz a été pris 104 fois
    83 depuis la dernière actualisation
  • Le résultat moyen est 9 sur 17
Statistiques - réponses
Troncation Mot d'origine % Correct
bac baccalauréat
97%
fac faculté
93%
fluo fluorescent
93%
télé télévision
90%
météo météorologie
83%
kiné kinésithérapeute
82%
pneu pneumatique
77%
métro métropolitain
42%
radio radiophonie / radiographie
42%
cinéma cinématographe
38%
frigo appareil frigorifique
37%
moto motocyclette
35%
stylo stylographe
32%
vélo vélocipède
17%
mémo mémorandum
8%
taxi taximètre
6%
scan scannérisation
0%
Aucun quiz correspondant
Distribution des résultats
% des personnes avec chaque résultat
Percentile par nombre de réponses
Votre historique - résultats
Vous n’avez pas pris ce quiz depuis la dernière actualisation